Bankový marketing a nevyhnutnosť jeho využitia v činnosti komerčných bánk.
Pojem bankový marketing nie je vo vede ani praxi presne definovaný. Pod bankovým marketingom však možno rozumieť: náuku a prax úspešného počínania na trhu, systém činností, ktoré riadia a realizujú tok peňazí ako špecifického tovaru a služieb, nástroj podnikateľskej politiky, banky v podmienkach trh...
Saved in:
| Main Author: | |
|---|---|
| Format: | Book Chapter |
| Language: | Slovak |
| Subjects: | |
| Tags: |
No Tags, Be the first to tag this record!
|
MARC
| LEADER | 00000naa a2200000 4500 | ||
|---|---|---|---|
| 001 | r005363 | ||
| 005 | 20221125081100.8 | ||
| 041 | 0 | |a slo | |
| 044 | |a [CS] | ||
| 245 | 1 | 0 | |a Bankový marketing a nevyhnutnosť jeho využitia v činnosti komerčných bánk. |c J. Mach |
| 520 | |a Pojem bankový marketing nie je vo vede ani praxi presne definovaný. Pod bankovým marketingom však možno rozumieť: náuku a prax úspešného počínania na trhu, systém činností, ktoré riadia a realizujú tok peňazí ako špecifického tovaru a služieb, nástroj podnikateľskej politiky, banky v podmienkach trhového hospodárstva. Banková marketingová filozofia a marketingové nástroje. Problémy, na ktoré sa musí orientovať marketingová taktika. | ||
| 610 | 2 | 0 | |a marketing |
| 610 | 2 | 0 | |a banky |
| 610 | 2 | 0 | |a hospodárstvo trhové |
| 610 | 2 | 0 | |a peniaze |
| 610 | 2 | 0 | |a trh peňažný |
| 100 | 1 | |a Mach, J. | |